000 00471nam a22001697a 4500
003 LK-CoMWRAF
005 20260402145318.0
008 230910b2013 |||||||| |||| 00| 0 eng d
040 _aLK-CoMWRAF
_dLK-CoMWRAF
_eLK-CoMWRAF
041 _aeng
082 _a370
_bZAC
100 _aZackariya, Faizun
245 _aIs Empowerment a Quick fix or a Magic Bullet?
260 _aColombo :
_bMuslim women's research and action forum,
_c2013
650 _aEmpwerment
942 _cBK
999 _c3534
_d3534